[Event "El Prat de Llobregat op 3rd"]
[Site "El Prat de Llobregat"]
[Date "2022.09.30"]
[Round "1"]
[White "Sanz Prat, Javier"]
[Black "Tejedor Cros, Andres"]
[Result "0-1"]
[WhiteElo "1419"]
[BlackElo "1823"]
[PlyCount "78"]
[EventDate "2022.09.30"]
[EventType "swiss"]
[EventRounds "9"]
[EventCountry "ESP"]
[SourceTitle "EXT 2024"]
[Source "ChessBase"]
[SourceDate "2023.10.10"]
[SourceVersion "1"]
[SourceVersionDate "2023.10.10"]
[SourceQuality "1"]

1. d4 e6 2. e4 d5 3. e5 c5 4. c3 Nc6 5. Nf3 Qb6 6. Qb3 Qxb3 7. axb3 cxd4 8. Bb5 dxc3 9. bxc3 Bd7 10. Bxc6 Bxc6 11. 0-0 Bc5 12. b4 Bb6 13. Nd4 Ne7 14. Ba3 Bxd4 15. cxd4 Bb5 16. Rd1 Rc8 17. Bb2 a6 18. Nc3 Bc4 19. Ba3 b5 20. Bb2 Ra8 21. Ra5 Nc6 22. Raa1 Nxb4 23. Rd2 Nd3 24. Nd1 Nxb2 25. Rxb2 0-0 26. Ra5 Rfc8 27. h3 Rc6 28. Ne3 g6 29. g4 Kf8 30. g5 Ke7 31. h4 Bd3 32. Kg2 Rb8 33. Rd2 Bc4 34. Rb2 Rbb6 35. Rb4 Bd3 36. Rb3 Bc4 37. Rb1 Kd7 38. Kg3 Kc7 39. Kg2 b4 0-1

[Event "Martorell op 35th"]
[Site "Martorell"]
[Date "2017.11.18"]
[Round "9"]
[White "Tejedor Cros, Andres"]
[Black "Soidan Parcerisas, Manel"]
[Result "0-1"]
[WhiteElo "1852"]
[BlackElo "1842"]
[PlyCount "79"]
[EventDate "2017.09.16"]
[EventType "swiss"]
[EventRounds "9"]
[EventCountry "ESP"]
[SourceTitle "CBM 189 Extra"]
[Source "ChessBase"]
[SourceDate "2019.06.03"]
[SourceVersion "1"]
[SourceVersionDate "2019.06.03"]
[SourceQuality "1"]

1. d4 e5 2. dxe5 Nc6 3. Nf3 Nge7 4. e4 Ng6 5. Nc3 Ngxe5 6. Nxe5 Nxe5 7. Bf4 Ng6 8. Bg3 d6 9. Bc4 Be6 10. Bxe6 fxe6 11. Qg4 Qf6 12. 0-0-0 h5 13. Qe2 Qg5+ 14. f4 Nxf4 15. Bxf4 Qxf4+ 16. Kb1 0-0-0 17. Qc4 d5 18. Qa4 a6 19. g3 Qg4 20. Rhf1 Be7 21. Rf4 Qg5 22. exd5 exd5 23. Qa5 Bf6 24. Nb5 Qe5 25. Rfd4 Rhe8 26. c3 c6 27. Na7+ Kb8 28. Nxc6+ bxc6 29. Qb6+ Kc8 30. Qxa6+ Kd7 31. Qb7+ Kd6 32. Qb4+ Ke6 33. c4 Rb8 34. Qd2 Qf5+ 35. Ka1 Bxd4 36. Qxd4 Qe5 37. Qf2 Kd7 38. cxd5 cxd5 39. Qf7+ Re7 40. Qf3 0-1

[Event "Martorell op 35th"]
[Site "Martorell"]
[Date "2017.10.21"]
[Round "5"]
[White "Fabregat Planella, Joaquim"]
[Black "Tejedor Cros, Andres"]
[Result "0-1"]
[WhiteElo "1806"]
[BlackElo "1852"]
[PlyCount "100"]
[EventDate "2017.09.16"]
[EventType "swiss"]
[EventRounds "9"]
[EventCountry "ESP"]
[SourceTitle "CBM 189 Extra"]
[Source "ChessBase"]
[SourceDate "2019.06.03"]
[SourceVersion "1"]
[SourceVersionDate "2019.06.03"]
[SourceQuality "1"]

1. e4 c6 2. d4 d5 3. e5 Bf5 4. Nc3 e6 5. g4 Bg6 6. Nge2 Bb4 7. h4 h5 8. Nf4 hxg4 9. Nxg6 fxg6 10. Qxg4 Ne7 11. Qxe6 Qd7 12. Bh3 Qxe6 13. Bxe6 Nf5 14. Bxf5 gxf5 15. Bd2 Bxc3 16. Bxc3 g5 17. h5 Nd7 18. 0-0-0 0-0-0 19. Bd2 Rdg8 20. Rdg1 f4 21. c3 Nf8 22. Kc2 Ne6 23. f3 Rh6 24. Rh2 Rgh8 25. Rgh1 Ng7 26. Rg2 Ne6 27. Rgh2 Ng7 28. Kd3 Rxh5 29. Rxh5 Rxh5 30. Rxh5 Nxh5 31. c4 Kd7 32. cxd5 cxd5 33. Bb4 Ng7 34. a4 Ne6 35. Bd6 Kc6 36. b4 a6 37. a5 Kd7 38. Bc5 Ng7 39. Ke2 Ke6 40. Kf2 Kf5 41. Kg2 g4 42. fxg4+ Kxg4 43. Kf2 Ne6 44. Bb6 f3 45. Bc5 Ng5 46. Bf8 Ne4+ 47. Ke3 Kg3 48. e6 f2 49. Ke2 Kg2 50. e7 f1Q+ 0-1

[Event "Martorell op-A"]
[Site "Martorell"]
[Date "1997.??.??"]
[Round "2"]
[White "Tejedor Cros, Andres"]
[Black "Exposito Cabrera, Joaquin"]
[Result "0-1"]
[WhiteElo "2030"]
[BlackElo "2180"]
[PlyCount "56"]
[EventDate "1997.09.??"]
[EventType "swiss"]
[EventRounds "9"]
[EventCountry "ESP"]
[SourceTitle "EXT 2003"]
[Source "ChessBase"]
[SourceDate "2002.11.25"]
[SourceVersion "1"]
[SourceVersionDate "2002.11.25"]
[SourceQuality "1"]

1. e4 c5 2. Nc3 a6 3. g3 b5 4. Bg2 Bb7 5. Nge2 Nf6 6. d3 e6 7. 0-0 d5 8. exd5 Nxd5 9. Nxd5 Bxd5 10. Bxd5 Qxd5 11. Nf4 Qc6 12. Re1 g6 13. Qg4 Qd7 14. Nxe6 fxe6 15. Rxe6+ Kf7 16. Qf3+ Kxe6 17. Qxa8 Bd6 18. Qe4+ Kf7 19. Bd2 Re8 20. Qh4 Kg8 21. f4 Be7 22. Qh6 Qd4+ 23. Kf1 Qxb2 24. Rc1 Bf6 25. f5 Qe5 26. Re1 Qxf5+ 27. Bf4 Rxe1+ 28. Kxe1 Nc6 0-1

[Event "Martorell op-A"]
[Site "Martorell"]
[Date "1997.??.??"]
[Round "8"]
[White "Tejedor Cros, Andres"]
[Black "Izuel Samitier, Francesco"]
[Result "0-1"]
[WhiteElo "2030"]
[BlackElo "2130"]
[PlyCount "120"]
[EventDate "1997.09.??"]
[EventType "swiss"]
[EventRounds "9"]
[EventCountry "ESP"]
[SourceTitle "EXT 2003"]
[Source "ChessBase"]
[SourceDate "2002.11.25"]
[SourceVersion "1"]
[SourceVersionDate "2002.11.25"]
[SourceQuality "1"]

1. e4 c6 2. d4 d5 3. Nc3 dxe4 4. Nxe4 Bf5 5. Ng3 Bg6 6. Nf3 e6 7. Ne5 Nd7 8. Nxg6 hxg6 9. c3 Ngf6 10. Bd3 Bd6 11. Qf3 Qc7 12. Bg5 e5 13. 0-0-0 exd4 14. Rhe1+ Kf8 15. Ne4 Ne5 16. Qe2 Nxd3+ 17. Rxd3 Re8 18. Bxf6 gxf6 19. Qd1 Bf4+ 20. Kc2 f5 21. Nc5 Rxe1 22. Qxe1 b6 23. Na6 Qe7 24. Qxe7+ Kxe7 25. Nb4 dxc3 26. Nxc6+ Kf6 27. bxc3 Rxh2 28. Rf3 Kg5 29. g3 Bd6 30. Kb3 Bc5 31. Nd4 Kg4 32. Rf4+ Kh3 33. g4 Bd6 34. Rf3+ Kxg4 35. Kc4 f4 36. Kd3 Bc5 37. Ke2 Rh8 38. Rd3 Re8+ 39. Kf1 Rd8 40. f3+ Kh5 41. Ne6 Rxd3 42. Nxf4+ Kh4 43. Nxd3 Kg3 44. Ke2 f6 45. a4 Bd6 46. c4 f5 47. Ne1 g5 48. Nd3 a6 49. Nf2 Bb4 50. Nd3 Bc3 51. c5 b5 52. axb5 axb5 53. c6 Ba5 54. Nb4 Kg2 55. Nd5 f4 56. c7 Bxc7 57. Nxc7 g4 58. Ne6 gxf3+ 59. Kd2 f2 60. Nxf4+ Kf3 0-1